Toutes les métropoles par lettre - D - Statistiques

Statistiques générales
  • Ce quiz a été pris 89 fois
  • Le résultat moyen est 9 sur 28
Réponses sur la Carte
Les réponses sont colorées sur une échelle allant du rouge au vert en fonction du pourcentage des utilisateurs qui les ont devinées à leur premier essai. Vous pouvez retrouver ces pourcentages ci-dessous.
 
Statistiques - réponses
Population Ville % Correct
1 257 000 Dublin
94%
22 510 000 Dacca
85%
3 330 000 Dakar
77%
6 492 000 Dallas
77%
2 899 000 Denver
77%
2 966 000 Dubai
77%
3 521 000 Detroit
68%
2 506 000 Damas
66%
7 420 000 Dar es Salaam
57%
3 200 000 Durban
49%
4 785 000 Djeddah
41%
3 933 000 Douala
37%
2 185 000 Daegu
18%
1 189 000 Da Nang
16%
5 937 000 Dalian
15%
1 032 000 Denpasar
13%
1 306 000 Dammam
11%
1 910 000 Davao
9%
1 573 000 Daejeon
8%
1 080 000 Diyarbakir
8%
7 515 000 Dongguan
8%
1 957 000 Daqing
1%
1 834 000 Datong
1%
2 947 000 Depok
1%
1 052 000 Dezhou
1%
1 369 000 Dhanbad
1%
1 347 000 Dongying
1%
1 246 000 Durg
1%
Aucun quiz correspondant
Distribution des résultats
% des personnes avec chaque résultat
Percentile par nombre de réponses
Votre historique - résultats
Vous n’avez pas pris ce quiz